An analysis of a macroeconometric model with rational expectations in the bond and stock markets (Registro nro. 27945)
[ vista simple ]
| 000 -LEADER | |
|---|---|
| fixed length control field | 00386 a2200109 4500 |
| 001 - CONTROL NUMBER | |
| control field | ART_17633 |
| 005 - DATE AND TIME OF LATEST TRANSACTION | |
| control field | 20260410161924.0 |
| 008 - FIXED-LENGTH DATA ELEMENTS--GENERAL INFORMATION | |
| fixed length control field | 260409a |
| 100 1# - MAIN ENTRY--PERSONAL NAME | |
| Personal name | Fair, Ray C. |
| 245 10 - TITLE STATEMENT | |
| Title | An analysis of a macroeconometric model with rational expectations in the bond and stock markets |
| 773 0# - HOST ITEM ENTRY | |
| Title | The American Economic Review |
| Related parts | - Vol. 69, Nº 4 (sep. 1979) |
| Record control number | REV16190 |
No hay ítems disponibles.